00337 a2200121 450000100060000010000170000624500220002326000290004509000150007494200230008999900190011295200840013111936 aLipman, M.H. aPolitical science abBarnes & Nobel booksc c9190d9190 aNUST-CAEcMc36034 c247009d247009 001040708NFICaCAEbCAEd2017-04-03l0pCAE49386r2017-04-05w2017-04-05yBK